000 00675nam a2200253Ia 4500
003 OSt
005 20221006143102.0
006 a|||||r|||| 00| 0
007 ta
008 221006b |||||||| |||| 00| 0 eng d
020 _c¥2980
024 _a8,008
037 _bGift, Japan Foundation
_cTextual
040 _aEASL
_cEASL
_beng
041 _2eng
_aeng
082 _aX.42.N90, N1
245 0 _aEconomic statistic annual 1990
260 _aJapan
_bResearch and Statistics Departmnt Japan
_c1991
300 _a360p.
_ccm.
490 _v JL
650 _aJL
942 _hX.42.N90, N1
_cTEXL
_2CC
999 _c1076094
_d1076094